header

Buffalo Bill in Bologna (Record no. 227899)

MARC details
000 -LEADER
fixed length control field 01786nam a2200397 a 4500
082 04 - DEWEY DECIMAL CLASSIFICATION NUMBER
Classification number 303.48/273/009034
100 1# - MAIN ENTRY--AUTHOR NAME
Personal name Rydell, Robert W.
245 10 - TITLE STATEMENT
Title Buffalo Bill in Bologna
260 ## - PUBLICATION, DISTRIBUTION, ETC. (IMPRINT)
Place of publication Chicago :
Name of publisher University of Chicago Press,
Year of publication 2005.
300 ## - PHYSICAL DESCRIPTION
Number of Pages xii, 209 p. :
Other physical details ill.
505 0# - FORMATTED CONTENTS NOTE
Formatted contents note American mass culture takes form -- Harbingers of mass culture : world's fairs -- The expanding frontiers of American mass culture -- The Americanization of the world? -- The triumph of American mass culture -- Debating American mass culture in the United States and Europe.
650 #0 - SUBJECT ADDED ENTRY--TOPICAL TERM
Topical Term Popular culture
Topical Term Americanization.
Topical Term Civilization, Modern
700 1# - ADDED ENTRY--PERSONAL NAME
Personal name Kroes, Rob.
856 40 - ELECTRONIC LOCATION AND ACCESS
Uniform Resource Identifier http://site.ebrary.com/lib/rucke/Doc?id=10453057

No items available.

© 2026 Rongo University
Contact us: librarian | system librarian | Rongo university